00728nam a22001937a 450000500170000001000150001702000260003203500140005803700090007208200080008110000250008924500820011426000430019627000760023930000200031594200220033599900190035795201580037620250609112521.0 aENG-145223 c695.00a9789383649013 aEN-128755 bDBAD a260 aWadva, Satjit981774 aUnderstanding Japjee Sahib: bThe Essence of Guru Granth Sahib/cSatjit Wadva aNew DelhibKW Publishers Pvt Ltdc2014 bNew DelhiaKW Publishers Pvt Ltd;e110002k91 1143528107k91 1143528107 a141p.c19cm(hb) 2ddccENh260mWAD c211651d211651 001040708NFICaRC3SPbRC3SPd2025-06-09eDelivery of Books Act Divisiong695.00l0o260 WADpEN-128755r2025-06-09 00:00:00t1v695.00w2025-06-09yEN